Yahi Jindagi (Record no. 357682)

MARC details
000 -LEADER
fixed length control field 00401nam a22001697a 4500
005 - DATE AND TIME OF LATEST TRANSACTION
control field 20240412105620.0
008 - FIXED-LENGTH DATA ELEMENTS--GENERAL INFORMATION
fixed length control field 240405b |||||||| |||| 00| 0 eng d
041 ## - LANGUAGE CODE
Language code of text/sound track or separate title Marathi
082 ## - DEWEY DECIMAL CLASSIFICATION NUMBER
Classification number 891.46
Item number DHA
100 ## - MAIN ENTRY--PERSONAL NAME
Author Dhariya Mohan
245 ## - TITLE STATEMENT
Title Yahi Jindagi
260 ## - PUBLICATION, DISTRIBUTION, ETC.
Place of publication, distribution, etc. Pune
Name of publisher, distributor, etc. Shrividya Prakashan
Date of publication, distribution, etc. 1985
300 ## - PHYSICAL DESCRIPTION
Extent 146
365 ## - TRADE PRICE
Price amount 0.00
Currency code Rs.00
650 ## - SUBJECT ADDED ENTRY--TOPICAL TERM
Topical term or geographic name entry element Non Fiction
942 ## - ADDED ENTRY ELEMENTS (KOHA)
Koha item type Donated Book
Holdings
Withdrawn status Lost status Source of classification or shelving scheme Damaged status Not for loan Home library Current library Date acquired Total Checkouts Full call number Barcode Date last seen Date last checked out Actual Price Koha item type Original Barcode
    Dewey Decimal Classification     School of Fashion Technology School of Fashion Technology 05/03/2024 1 891.46 DHA SOFT-BK-D5 31/01/2025 27/01/2025 1.00 Donated Book D5